Obálka Náhled e-knihy:
PDF Epub
Pro půjčování e-knih musíte být přihlášeni.
Jak si půjčit online?

Psycho /

Klasika světového hororu, kterou inspiroval proslulý sériový vrah Ed Gein a podle níž byl natočen filmový hit Alfreda Hitchcocka.

Uloženo v:
Série:Psycho, část 1
Hlavní autor: Bloch, Robert, 1917-1994 (Autor)
Další autoři: Mikulka, Lumír, 1964- (Autor)
Médium: E-kniha
Jazyk:Czech
Vydáno: Praha : Dobrovský s.r.o., 2022
Edice:Fobos
Témata:
Příbuzné jednotky:Z cyklu:: Psycho
Tagy:
Žádné tagy
LEADER 02837nam a2200457 i 4500
001 311794
003 CZ PrSKC
005 20260601215712.0
007 ta
008 221212s2022 xr g 000 f cze
015 |a cnb003477167 
020 |a 9788027712953  |q (vázáno) 
035 |a (OCoLC)1378695190 
040 |a ABG001  |b cze  |d ABA001  |e rda 
041 1 |a cze  |h eng 
072 7 |a 821.111(73)-3  |x Americká próza  |2 Konspekt 
080 |a 821.111(73)-31  |2 MRF 
080 |a (0:82-312.4)  |2 MRF 
100 1 |a Bloch, Robert,  |d 1917-1994  |7 xx0010417  |4 aut 
240 1 0 |a Psycho.  |l Česky 
245 1 0 |a Psycho /  |c Robert Bloch ; z anglického originálu Psycho přeložil Lumír Mikulka 
264 1 |a Praha :  |b Dobrovský s.r.o.,  |c 2022 
300 |a 203 stran ;  |c 21 cm 
336 |a text  |b txt  |2 rdacontent 
337 |a bez média  |b n  |2 rdamedia 
338 |a svazek  |b nc  |2 rdacarrier 
490 1 |a Fobos 
520 2 |a Klasika světového hororu, kterou inspiroval proslulý sériový vrah Ed Gein a podle níž byl natočen filmový hit Alfreda Hitchcocka.  |b Mary Craneová sedí za volantem auta, které se řítí hustým deštěm. Je na útěku. Pronásledují ji vina a výčitky svědomí, protože právě ukradla čtyřicet tisíc dolarů, aby splatila dluhy muže, kterého miluje. Když poté na jedné křižovatce špatně odbočí, netuší, že se jí kvůli tomu život právě převrátil o sto osmdesát stupňů. Před ní, na okraji zatuchlé bažiny, se totiž vypíná temný obrys motelu, jehož majitel Norman Bates vede osamělý život, řídící se vůlí jeho kruté a majetnické matky. Norman Mary připadá jako trochu zvláštní, ale jinak docela milý chlapík, a tak ji neodradí ani skutečnost, že pokoje jsou staré a nepříliš udržované. Jediné, po čem v ten moment touží, je odpočinek a horká sprcha, jež by smyla špatný den, který má za sebou. A právě v koupelně se nakonec seznámí i s Normanovou matkou... a jejím nožem. Nakladatelská anotace. Kráceno. 
546 |a Český text 
655 7 |a americké romány  |7 fd131796  |2 czenas 
655 7 |a horory (romány)  |7 fd184202  |2 czenas 
655 9 |a American fiction  |2 eczenas 
655 9 |a horror novels  |2 eczenas 
700 1 |a Mikulka, Lumír,  |d 1964-  |7 ola20040324003  |4 trl 
787 0 8 |i Z cyklu:  |t Psycho  |g 1 
830 0 |a Fobos 
900 |a ABA001  |b 20 
044 |a xr 
910 |a RBIT002 
998 |d 365727  |a https://core.palmknihy.cz/api/books/365727/cover?rn8rjc  |b https://core.palmknihy.cz/api/books/365727/cover/400?rn8rjc  |c https://core.palmknihy.cz/api/books/365727/cover/50?rn8rjc  |e 2027-01-17  |g 208  |i 9788027712953  |j https://core.palmknihy.cz/api/books/365727/preview.epub  |k https://core.palmknihy.cz/api/books/365727/preview.pdf  |l   |q 49  |r 1  |s https://www.palmknihy.cz/kniha/365727  |t ebook  |y 2022  |z 0  |v Psycho  |w 1 
999 |d 311792